| 000 | 00551cam a22002171 4500 | ||
|---|---|---|---|
| 001 | sa 68014986 | ||
| 003 | DLC | ||
| 005 | 20260227112638.0 | ||
| 008 | 890510s1963 xx 000 0 beno | ||
| 010 | _asa 68014986 | ||
| 035 | _a(OCoLC)23578149 | ||
| 040 |
_aDLC _cMiU _dDLC |
||
| 042 | _apremarc | ||
| 050 | 0 | 0 |
_aBL1175.V5 _bT4 |
| 100 | 0 |
_aTejasānanda, _cSwami |
|
| 245 | 1 | 0 | _aYugācārya Bibekānanda. |
| 260 | _c1963. | ||
| 300 |
_a10, 143 p. _billus., ports. _c23 cm. |
||
| 500 | _aRomanized. | ||
| 600 | 0 | 0 |
_aVivekananda, _cSwami, _d1863-1902. |
| 999 |
_c86146 _d86146 |
||